Sports Quiz

Random Sports Quiz

Wrestling Trivia Quiz Stats

Quiz not verified by Sporcle

Challenge
Share
Tweet
Embed
Score 0/20 Timer 07:00
0 Plays Today
Hint Answer % Correct
Only man to win consecutive money in the banksCm Punk
83.3%
Youngest World Heavyweight ChampionRandy Orton
74.2%
Longest reigning WWE ChampionBruno Sammartino
69.7%
Longest reigning Intercontinental ChampionHonky Tonk Man
62.1%
Most WWE titlesEdge
59.1%
Most WCW World TitlesRic Flair
50%
Only man to undefeated at Wrestlemania and Bound For GloryRob Van Dam
48.5%
Youngest WWE ChampionBrock Lesnar
47%
Most ECW World TitlesThe Sandman
34.8%
Longest Tna World Heavyweight ChampionBobby Roode
28.8%
Hint Answer % Correct
Longest reigning World Heavyweight ChampionBatista
24.2%
Longest reigning United States ChampionLex Luger
15.2%
Lightest WCW World ChampionDavid Arquette
15.2%
Longest NWA World Heavyweight ChampionLou Thesz
15.2%
Longest WWE Tag Team ChampionPaul London
15.2%
Longest WWE Tag Team ChampionBrian Kendrick
15.2%
ECW Most Tag Team ChampionsDudley Boyz
12.1%
Youngest Tna World Heavyweight ChampionMagnus
9.1%
Most ECW TV Titles2 Cold Scorpio
3%
Youngest WCW World ChampionThe Giant|Big Show
1.5%

You're not logged in!

Compare scores with friends on all Sporcle quizzes.
Join for Free
OR
Log In

You Might Also Like...

Show Comments

Extras

Created May 23, 2014ReportNominate
Tags:wrestling

Top Quizzes Today


Score Distribution

Your Account Isn't Verified!

In order to create a playlist on Sporcle, you need to verify the email address you used during registration. Go to your Sporcle Settings to finish the process.

Report this User

Report this user for behavior that violates our Community Guidelines.

Details: